[Event "FICGS class F 000120 email"]
[Site "FICGS email"]
[Date "2012.12.26"]
[Round "1"]
[White "Percy, Dale"]
[Black "Bromo, Alexis"]
[Result "0-1"]
[WhiteElo "702"]
[BlackElo "1129"]
[PlyCount "46"]
[EventDate "2012.??.??"]
[EventType "tourn (corr)"]
[EventRounds "5"]
[SourceTitle "Corr 2022"]
[Source "ChessBase"]
[SourceDate "2021.10.24"]
[SourceVersion "1"]
[SourceVersionDate "2021.10.24"]
[SourceQuality "1"]

1. e3 e5 2. g3 Nf6 3. Nf3 Nc6 4. Nc3 d5 5. d3 Bg4 6. Be2 Bb4 7. Bd2 Bxc3 8. bxc3 e4 9. dxe4 Nxe4 10. 0-0 Bh3 11. Re1 0-0 12. Bb5 Ne7 13. Ne5 c6 14. Be2 Nf5 15. c4 Re8 16. Nf3 d4 17. Bd3 dxe3 18. fxe3 Nfxg3 19. hxg3 Nxg3 20. Ng5 Be6 21. Bxh7+ Kh8 22. Kg2 Qxg5 23. Qf3 Ne4+ 0-1

[Event "FICGS class F 000120 email"]
[Site "FICGS email"]
[Date "2012.12.26"]
[Round "1"]
[White "Salinas, Marcelo"]
[Black "Percy, Dale"]
[Result "1-0"]
[WhiteElo "1194"]
[BlackElo "702"]
[PlyCount "25"]
[EventDate "2012.??.??"]
[EventType "tourn (corr)"]
[EventRounds "5"]
[SourceTitle "Corr 2022"]
[Source "ChessBase"]
[SourceDate "2021.10.24"]
[SourceVersion "1"]
[SourceVersionDate "2021.10.24"]
[SourceQuality "1"]

1. e3 e6 2. Qg4 Nf6 3. Qf4 d6 4. Bb5+ c6 5. Ba4 b6 6. c4 Nbd7 7. Bxc6 Nh5 8. Qf3 g6 9. Bxa8 Ng7 10. Bc6 Be7 11. Bxd7+ Qxd7 12. b3 Bb7 13. e4 1-0

[Event "FICGS class F 000115 email"]
[Site "FICGS email"]
[Date "2012.08.24"]
[Round "1"]
[White "Percy, Dale"]
[Black "Gonet, Gerard"]
[Result "0-1"]
[WhiteElo "655"]
[BlackElo "1077"]
[PlyCount "64"]
[EventDate "2012.??.??"]
[EventType "tourn (corr)"]
[EventRounds "5"]
[SourceTitle "Corr 2022"]
[Source "ChessBase"]
[SourceDate "2021.10.24"]
[SourceVersion "1"]
[SourceVersionDate "2021.10.24"]
[SourceQuality "1"]

1. e3 Nc6 2. Nf3 e5 3. Nc3 d5 4. Nxd5 Qxd5 5. e4 Qxe4+ 6. Be2 Nf6 7. d3 Qd5 8. c4 Qd8 9. 0-0 Bd6 10. Bd2 0-0 11. Nh4 e4 12. dxe4 Ng4 13. Nf3 Qf6 14. Bg5 Qg6 15. h3 Nge5 16. Nh4 Qxg5 17. Qd5 Be6 18. Qb5 Rab8 19. g3 Nd4 20. Qa4 Bc5 21. Qd1 Nxe2+ 22. Qxe2 Bxh3 23. Rfd1 Qg4 24. Kh2 Qxe2 25. Kxh3 Qg4+ 26. Kg2 Rfe8 27. f3 Qe6 28. f4 Ng4 29. Rac1 Qxe4+ 30. Kh3 h5 31. Rd7 Qe2 32. Rc3 Qh2# 0-1

[Event "FICGS class G 000029 email"]
[Site "FICGS email"]
[Date "2009.03.21"]
[Round "1"]
[White "Percy, Dale"]
[Black "Marin, John"]
[Result "1-0"]
[WhiteElo "956"]
[BlackElo "1295"]
[PlyCount "21"]
[EventDate "2009.??.??"]
[EventType "tourn (corr)"]
[EventRounds "4"]
[SourceTitle "Corr 2022"]
[Source "ChessBase"]
[SourceDate "2021.10.24"]
[SourceVersion "1"]
[SourceVersionDate "2021.10.24"]
[SourceQuality "1"]

1. e3 Nf6 2. d3 g6 3. Nc3 d5 4. e4 dxe4 5. dxe4 Qxd1+ 6. Nxd1 Nxe4 7. Ne3 Be6 8. f3 Nd6 9. Bd2 Bg7 10. 0-0-0 Bxa2 11. Bb4 1-0

[Event "FICGS class F 000058 email"]
[Site "FICGS email"]
[Date "2008.04.15"]
[Round "1"]
[White "Marques, Joao"]
[Black "Percy, Dale"]
[Result "1-0"]
[WhiteElo "1346"]
[BlackElo "1006"]
[PlyCount "33"]
[EventDate "2008.??.??"]
[EventType "tourn (corr)"]
[EventRounds "5"]
[SourceTitle "Corr 2022"]
[Source "ChessBase"]
[SourceDate "2021.10.24"]
[SourceVersion "1"]
[SourceVersionDate "2021.10.24"]
[SourceQuality "1"]

1. e4 e5 2. Nf3 f6 3. Bc4 Ne7 4. 0-0 Nbc6 5. a3 Na5 6. Ba2 d6 7. Nc3 Nec6 8. h3 Nd4 9. Nxd4 exd4 10. Qh5+ Ke7 11. Qxa5 b6 12. Qd5 Kd7 13. Qxd4 Ba6 14. Qa4+ c6 15. Qxa6 c5 16. Qb7+ Ke8 17. Qf7# 1-0

[Event "FICGS class G 000017 email"]
[Site "FICGS email"]
[Date "2007.08.12"]
[Round "1"]
[White "Percy, Dale"]
[Black "Jankovic, Mladen"]
[Result "0-1"]
[WhiteElo "955"]
[BlackElo "984"]
[PlyCount "40"]
[EventDate "2007.??.??"]
[EventType "tourn (corr)"]
[EventRounds "4"]
[SourceTitle "Corr 2022"]
[Source "ChessBase"]
[SourceDate "2021.10.24"]
[SourceVersion "1"]
[SourceVersionDate "2021.10.24"]
[SourceQuality "1"]

1. e4 e5 2. Nf3 Nc6 3. Nc3 Bb4 4. Nb5 Nf6 5. c3 a6 6. Bc4 axb5 7. cxb4 bxc4 8. b5 Nd4 9. Nxe5 d5 10. exd5 Qxd5 11. 0-0 0-0 12. Re1 Re8 13. d3 Rxe5 14. Bf4 Rxe1+ 15. Qxe1 Bh3 16. gxh3 cxd3 17. Rc1 Nf3+ 18. Kf1 Nxe1 19. Rxe1 Re8 20. Bxc7 Qh1# 0-1

[Event "FICGS class F 000026 email"]
[Site "FICGS email"]
[Date "2007.02.05"]
[Round "1"]
[White "Percy, Dale"]
[Black "Carrizo, Jose Luis"]
[Result "0-1"]
[WhiteElo "1120"]
[BlackElo "1400"]
[PlyCount "34"]
[EventDate "2007.??.??"]
[EventType "tourn (corr)"]
[EventRounds "5"]
[SourceTitle "Corr 2022"]
[Source "ChessBase"]
[SourceDate "2021.10.24"]
[SourceVersion "1"]
[SourceVersionDate "2021.10.24"]
[SourceQuality "1"]

1. e4 e5 2. Nf3 Nc6 3. Nc3 Nf6 4. d3 Bc5 5. Be3 Bb6 6. d4 exd4 7. Nb5 dxe3 8. fxe3 Nxe4 9. Nbd4 Nxd4 10. Nxd4 Qh4+ 11. g3 Nxg3 12. Nf3 Qh6 13. Bc4 Qxe3+ 14. Be2 Nxh1 15. Ng5 Qf2+ 16. Kd2 Qf4+ 17. Kd3 Qd4# 0-1

[Event "FICGS class F 000026 email"]
[Site "FICGS email"]
[Date "2007.02.05"]
[Round "1"]
[White "Percy, Dale"]
[Black "Kis Kos, Laszlo"]
[Result "0-1"]
[WhiteElo "1120"]
[BlackElo "1265"]
[PlyCount "44"]
[EventDate "2007.??.??"]
[EventType "tourn (corr)"]
[EventRounds "5"]
[SourceTitle "Corr 2022"]
[Source "ChessBase"]
[SourceDate "2021.10.24"]
[SourceVersion "1"]
[SourceVersionDate "2021.10.24"]
[SourceQuality "1"]

1. e4 e5 2. Nf3 Nc6 3. Nc3 Nf6 4. d3 Bb4 5. Bd2 0-0 6. Ng5 h6 7. Nf3 d5 8. Nb5 Bxd2+ 9. Qxd2 dxe4 10. Nxe5 Nxe5 11. d4 Nc6 12. Bc4 a6 13. d5 axb5 14. Bxb5 Qxd5 15. Ba4 Qxd2+ 16. Kxd2 Rxa4 17. c3 Rd8+ 18. Kc2 Bf5 19. Kb3 Rda8 20. Rhd1 b5 21. Rd2 e3 22. fxe3 Na5# 0-1

[Event "FICGS rapid C 000019 email"]
[Site "FICGS email"]
[Date "2007.01.18"]
[Round "1"]
[White "Percy, Dale"]
[Black "Holdt, Jonas"]
[Result "1-0"]
[WhiteElo "1120"]
[BlackElo "1240"]
[PlyCount "39"]
[EventDate "2007.??.??"]
[EventType "tourn (rapid)"]
[EventRounds "4"]
[SourceTitle "Corr 2022"]
[Source "ChessBase"]
[SourceDate "2021.10.24"]
[SourceVersion "1"]
[SourceVersionDate "2021.10.24"]
[SourceQuality "1"]

1. e4 d5 2. d3 dxe4 3. Nc3 exd3 4. cxd3 Nf6 5. Bg5 h6 6. Bf4 Bf5 7. Be2 e6 8. Nb5 Nd5 9. g3 Nxf4 10. Nf3 Nd5 11. Nbd4 Bh7 12. Ne5 Qf6 13. Qa4+ c6 14. Nexc6 bxc6 15. Nxc6 Nxc6 16. 0-0-0 Rc8 17. Rd2 Bc5 18. d4 Bb4 19. Rc2 Bxc2 20. Bb5 1-0

[Event "FICGS class F 000017 email"]
[Site "FICGS email"]
[Date "2006.11.09"]
[Round "1"]
[White "Neil, Charles"]
[Black "Percy, Dale"]
[Result "1-0"]
[WhiteElo "1336"]
[BlackElo "1400"]
[PlyCount "65"]
[EventDate "2006.??.??"]
[EventType "tourn (corr)"]
[EventRounds "5"]
[SourceTitle "Corr 2022"]
[Source "ChessBase"]
[SourceDate "2021.10.24"]
[SourceVersion "1"]
[SourceVersionDate "2021.10.24"]
[SourceQuality "1"]

1. e4 Nf6 2. e5 Nd5 3. d4 Nc6 4. c4 e6 5. cxd5 Bb4+ 6. Nc3 exd5 7. a3 Bxc3+ 8. bxc3 0-0 9. Nf3 d6 10. Be2 Ne7 11. 0-0 Nf5 12. a4 dxe5 13. Nxe5 Re8 14. Qb3 Nd6 15. Qxd5 Qe7 16. Ba3 Rd8 17. Rfe1 Be6 18. Qf3 Nf5 19. Bxe7 Re8 20. Ba3 Nh4 21. Qxb7 Rab8 22. Qc6 Nf5 23. Bc4 Ne7 24. Bxe7 Rxe7 25. Bxe6 fxe6 26. Rab1 Rd8 27. Rb7 g5 28. Reb1 Rf8 29. Rb8 Ree8 30. Rxe8 Rxe8 31. Qxe8+ Kg7 32. Rb7 Kf6 33. Qf7# 1-0